000 00332 a2200157 4500
001 192382
020 _a978-85-8054-140-3
040 _cMagnum
100 _aLuttembarck, Alice
240 1 0 _aMeu, seu, nosso
_lpor
245 1 0 _aMeu, seu, nosso
300 _a28
362 0 _a2013
697 _aLITERATURA INFANTIL
942 _cBK
999 _c192382
_d192382